|
|
|
|
| LEADER |
00000nam0a2200000 4500 |
| 001 |
178780 |
| 005 |
20231031170034.0 |
| 035 |
|
|
|a (RuTPU)RU\TPU\book\193794
|
| 035 |
|
|
|a RU\TPU\book\153425
|
| 090 |
|
|
|a 178780
|
| 100 |
|
|
|a 20100409d1985 m y0rusy50 ca
|
| 101 |
0 |
|
|a rus
|
| 102 |
|
|
|a RU
|
| 105 |
|
|
|a a z 000ab
|
| 200 |
1 |
|
|a Полководцы и военачальники Великой Отечественной
|e сборник
|f сост. А. Н. Киселев
|
| 210 |
|
|
|a Москва
|c Молодая гвардия
|d 1985
|
| 215 |
|
|
|a 367 с.
|c ил.
|
| 225 |
1 |
|
|a Жизнь замечательных людей: Серия биографий
|v Вып. 4 (655)
|
| 610 |
1 |
|
|a Великая Отечественная война 1941-1945
|
| 610 |
1 |
|
|a военачальники
|
| 610 |
1 |
|
|a биографии
|
| 675 |
|
|
|a 9(С)27
|v 3
|
| 702 |
|
1 |
|a Киселев
|b А. Н.
|4 220
|
| 801 |
|
1 |
|a RU
|b 63413507
|c 20080821
|g PSBO
|
| 801 |
|
2 |
|a RU
|b 63413507
|c 20110201
|g RCR
|
| 942 |
|
|
|c BK
|